Gestión de automatización de bibliotecas / Marlene Clayton ; traducción del inglés, Paloma García
Descripción Física:
331 p. ; 21 cm
Colección:
Biblioteca del libro
Otros Autores:
García, Paloma
Materias:
Biblioteques -- Automatització
MARC
| LEADER | 00000nam a2200000Ia 4500 | ||
|---|---|---|---|
| 001 | 9476 | ||
| 003 | BGR | ||
| 005 | 20260324175334.0 | ||
| 008 | 160829s1991 xx 000 0 cat d | ||
| 080 | |a A-2-41 | ||
| 100 | |a Clayton, Marlene |9 27808 | ||
| 245 | |a Gestión de automatización de bibliotecas / Marlene Clayton ; traducción del inglés, Paloma García | ||
| 260 | |a Madrid : |b Fundación Germán Sánchez Ruipérez : |b Pirámide, |c 1991 | ||
| 300 | |a 331 p. ; |c 21 cm | ||
| 490 | |a Biblioteca del libro | ||
| 650 | |a Biblioteques |x Automatització |9 30993 | ||
| 700 | 1 | |a García, Paloma |9 27810 | |
| 710 | |a Fundación Germán Sánchez Ruipérez |9 58057 | ||
| 901 | |a Arxiu | ||
| 942 | |n 1 |2 udc |c MON | ||
| 952 | |0 0 |1 0 |4 0 |6 A241 |7 1 |9 44555 |a Arxiu |b Arxiu |d 2016-12-01 |l 0 |o A-2-41 |p 9476 |r 2016-12-01 00:00:00 |w 2016-12-01 |y ARXIU | ||
| 999 | |c 47136 |d 47136 | ||